| 000 | 00738nam a2200265Ia 4500 | ||
|---|---|---|---|
| 003 | OSt | ||
| 005 | 20220912151202.0 | ||
| 006 | a|||||r|||| 00| 0 | ||
| 007 | ta | ||
| 008 | 220909b |||||||| |||| 00| 0 eng d | ||
| 024 | _a46699 | ||
| 037 | _cTextual | ||
| 040 |
_aCSL _beng _cCSL |
||
| 041 | _aeng | ||
| 082 | _aH.5, L7 | ||
| 100 | _aAger D V Ed. | ||
| 245 | 0 | _aEurope from crust to core: keynote addreses from the first meeting of European Geological Societies | |
| 260 |
_aLondon _bJohn Wiley _c1977 |
||
| 300 |
_aviii, 202p. _ccm. |
||
| 650 | _a European geology | ||
| 650 | _aGeology | ||
| 700 | _a Brooks M Ed. | ||
| 942 |
_hH.5, L7 _cTEXL _2CC |
||
| 999 |
_c63066 _d63066 |
||